000 00763nam a22002297a 4500
005 20170124105947.0
010 _a360259
020 _c00.00
035 _a360259
037 _bCen Lib/Ret
040 _aDPL
_bEN
082 _a200
_bSCH
100 _aSchnapper, Edith B.
_912558
245 _aThe inward odyssey :
_c by Edith B. Schnapper
_bthe concept of the way in the great religions of the world /
260 _aLondon
_bGeorge Allen & Unwin
_c1965
270 _aRuskin house Musuem street
_bLondon
300 _a237p.
_c22cm(Hb)
500 _aIncludes bibliographical references and index
650 _aMysticism--History--Middle Ages, 600-1500
_974300
650 _aMysticism--Psychology
_974301
942 _2ddc
_cEN
_h200
_mSCH
999 _c124971
_d124971